Statistics for Ariana Grande - Thinkin' Bout You lyrics

Click here to take the quiz!

General Stats

  • This quiz has been taken 304 times
  • The average score is 264 of 300

Answer Stats

Answer% Correct
I
100%
thinkin'
99%
you
99%
'bout
98%
bout
98%
the
96%
me
94%
I'm
93%
be
92%
have
91%
no
91%
been
90%
but
90%
to
90%
I've
89%
just
89%
my
89%
need
89%
at
88%
got
88%
Got
88%
least
88%
missing
88%
thinking
88%
are
87%
can't
87%
here
87%
with
87%
your
87%
hell
86%
memory
86%
don't
85%
oh
85%
when
85%
where
85%
hear
84%
voice
84%
still
83%
choice
82%
it
82%
Ain't
81%
ain't
81%
mind
81%
all
79%
control
79%
in
79%
make
79%
so
79%
alone
78%
and
78%
night
78%
through
77%
back
76%
cause
75%
get
74%
head
74%
that
74%
wait
74%
way
74%
hurry
73%
home
72%
eyes
71%
forget
71%
rolling
71%
tried
70%
up
70%
come
69%
did
69%
know
69%
'til
69%
breath
68%
love
68%
had
67%
some
67%
good
66%
nobody
66%
these
66%
one
64%
wish
64%
baby
63%
thoughts
63%
now
62%
want
62%
would
61%
arching
60%
could
59%
else
59%
help
58%
patient
58%
waiting
55%
patiently
54%
I'll
45%
loosing
45%
throught
15%

Score Distribution

Percentile by Number Answered

Percent of People with Each Score

Your Score History

You have not taken this quiz